Occupations of 1900's Quiz Stats

 Plays Quiz not verified by Sporcle

Score 0/10 Timer 01:00
0 Plays Today
Description Occupation % Correct
????
100%
????
87.1%
????
71%
????
59.7%
????
56.5%
????
45.2%
????
41.9%
????
30.6%
????
27.4%
????
25.8%

You're not logged in!

Compare scores with friends on all Sporcle quizzes.
OR
Log In

Show Comments

Extras

Created Oct 24, 2010ReportNominate
Tags:1900, description, occupation

Top Quizzes Today


Score Distribution

Your Account Isn't Verified!

In order to create a playlist on Sporcle, you need to verify the email address you used during registration. Go to your Sporcle Settings to finish the process.

Report this User

Report this user for behavior that violates our Community Guidelines.

Details: